| 000 | 00554nam a2200157Ia 4500 | ||
|---|---|---|---|
| 005 | 20260121165308.0 | ||
| 008 | 260121s9999 xx 000 0 und d | ||
| 020 | _a978-93-91558-36-9 | ||
| 041 | _amar | ||
| 100 |
_aसहस्त्रबुद्धे, जयंत _9216387 |
||
| 245 | _aभारतीय स्वातंत्र्य संग्राम आणि विज्ञान | ||
| 250 | _a1 | ||
| 260 |
_bभारतीय विचार साधना फाउंडेशन _c2021 |
||
| 300 | _a39 | ||
| 650 | _aHistory | ||
| 999 |
_c369951 _d369951 |
||